| 000 | 00764nam a2200265Ia 4500 | ||
|---|---|---|---|
| 008 | 160803s9999 xx 000 0 und d | ||
| 020 | _a978-1405205535 | ||
| 100 | _aChapman, Simon | ||
| 245 | _aExplorers wanted! in the jungle / | ||
| 245 | _cSimon Chapman. | ||
| 260 | _aNew York : | ||
| 260 | _bScholastic Inc. | ||
| 260 | _c2003 | ||
| 300 | _a116 pages : | ||
| 300 | _billustrations, maps ; | ||
| 300 | _c20 cm | ||
| 650 | _aAmazon River Region -- | ||
| 650 | _aAmazon River Region. | ||
| 650 | _aRain forest ecology -- Amazon River Region. | ||
| 650 | _aRain forests -- Amazon River Region -- | ||
| 650 | _aRain forests -- Amazon River Region. | ||
| 650 | _xJuvenile literature. | ||
| 650 | _xJuvenile literature. | ||
| 700 | _a1030 | ||
| 999 |
_c298642 _d298642 |
||